| 000 | 00767nam a2200205Ia 4500 | ||
|---|---|---|---|
| 001 | 5052 | ||
| 003 | GE_BSU | ||
| 008 | 181216s||||||||xx |||||||||||||| ||und|| | ||
| 040 | _cGE_BSU | ||
| 080 | _a658 | ||
| 100 | _aТямшанский,Н.Д. | ||
| 245 | _aЭкономика и организация научно-исследовательских работ в машиностроении. | ||
| 245 | _cРед. А.Н.Демьянович. | ||
| 260 | _aЛ. | ||
| 260 | _bМашиностроение. | ||
| 260 | _c1967. | ||
| 300 | _a195 стр. 22 см. Библиогр.: стр.192-193. | ||
| 653 | _aЭкономика и организация научно-исследовательских работ в машиностроении | ||
| 942 | _cBK | ||
| 999 |
_c38735 _d38735 |
||